Statistics for Ishockey danske mestre

Click here to take the quiz!

General Stats

  • This quiz has been taken 77 times
  • The average score is 7 of 10

Answer Stats

AntalHold% Correct
1Aalborg Pirates
93%
9SønderjyskE
86%
16Herning Blue Fox
84%
2Frederikshavn White Hawks
81%
7Esbjerg Energy
79%
6Rødovre Mighty Bulls
79%
3Rungsted Seier Capital
67%
1Herlev Eagles
60%
5Gladsaxe Ishockey
16%
10KSF
16%

Score Distribution

Percentile by Number Answered

Percent of People with Each Score

Your Score History

You have not taken this quiz